00917nam a22002657a 45000010005000000030006000050050017000110080041000280200015000690400029000840500016001130820008001291000017001372450070001542500028002242600033002523000048002854900020003335050008003535200196003615210020005575210020005776500023005977000031006207463FISKH20250717150811.0250717b cb ||||| |||| 00| 0 eng d a0670866644 aFISKHbengcFISKHdFISKH aPZ7.B9836 M a014 aByars, Betsy aMy brother, ant /cby Betsy Byars : illustrations by Marc Simont  aFirst published in 1996 aNew York : bViking ,c1996. a31 pages : bcolor illustrations ;c23 cm.  aAnt - Byars v1 aF  aIn four separate stories, Ant's older brother gets rid of the monster under Ant's bed, forgives Ant for drawing on his homework, tries to read a story, and helps Ant writes a letter to Santa.8 a360 bLexile 8 aF bRaz-Plus  aBrothers vFiction aSimont, MarceIllustrator